<?xml version="1.0" encoding="UTF-8"?>
<record
    xmlns:xsi="http://www.w3.org/2001/XMLSchema-instance"
    xsi:schemaLocation="http://www.loc.gov/MARC21/slim http://www.loc.gov/standards/marcxml/schema/MARC21slim.xsd"
    xmlns="http://www.loc.gov/MARC21/slim">

  <leader>00818nam a22001817a 4500</leader>
  <controlfield tag="005">20231106142348.0</controlfield>
  <datafield tag="010" ind1=" " ind2=" ">
    <subfield code="a">HIN-126257</subfield>
  </datafield>
  <datafield tag="020" ind1=" " ind2=" ">
    <subfield code="a"> 9788195090129</subfield>
    <subfield code="c"> 495.00</subfield>
  </datafield>
  <datafield tag="035" ind1=" " ind2=" ">
    <subfield code="a">HN-98603</subfield>
  </datafield>
  <datafield tag="037" ind1=" " ind2=" ">
    <subfield code="b">DBAD/PUB</subfield>
  </datafield>
  <datafield tag="082" ind1=" " ind2=" ">
    <subfield code="a"> 824</subfield>
  </datafield>
  <datafield tag="100" ind1=" " ind2=" ">
    <subfield code="a"> &#x928;&#x93F;&#x936;&#x93E; &#x928;&#x902;&#x926;&#x93F;&#x928;&#x940; &#x92D;&#x93E;&#x930;&#x924;&#x940;&#x92F;</subfield>
    <subfield code="9">58214</subfield>
  </datafield>
  <datafield tag="245" ind1=" " ind2=" ">
    <subfield code="a">&#x915;&#x930;&#x93E;&#x917;&#x94D;&#x930;&#x947; &#x935;&#x938;&#x924;&#x947; &#x932;&#x915;&#x94D;&#x937;&#x94D;&#x92E;&#x940; /</subfield>
    <subfield code="c">  &#x928;&#x93F;&#x936;&#x93E; &#x928;&#x902;&#x926;&#x93F;&#x928;&#x940; &#x92D;&#x93E;&#x930;&#x924;&#x940;&#x92F;</subfield>
  </datafield>
  <datafield tag="260" ind1=" " ind2=" ">
    <subfield code="a">  &#x928;&#x908; &#x926;&#x93F;&#x932;&#x94D;&#x932;&#x940;</subfield>
    <subfield code="b"> &#x932;&#x93F;&#x91F;&#x930;&#x947;&#x91A;&#x930; &#x932;&#x948;&#x902;&#x921; </subfield>
    <subfield code="c"> 2021</subfield>
  </datafield>
  <datafield tag="270" ind1=" " ind2=" ">
    <subfield code="a"> &#x90F;&#x928;-3/5 , &#x92E;&#x94B;&#x939;&#x928;  &#x917;&#x93E;&#x930;&#x94D;&#x921;&#x928; , &#x917;&#x941;&#x930;&#x941;&#x926;&#x94D;&#x935;&#x93E;&#x930;&#x93E; &#x930;&#x94B;&#x921; , &#x909;&#x924;&#x92E; &#x928;&#x917;&#x930;</subfield>
    <subfield code="b"> &#x928;&#x908; &#x926;&#x93F;&#x932;&#x94D;&#x932;&#x940;</subfield>
    <subfield code="e"> 110059</subfield>
  </datafield>
  <datafield tag="300" ind1=" " ind2=" ">
    <subfield code="a"> 111  &#x92A;&#x943;&#x937;&#x94D;&#x920;</subfield>
    <subfield code="c">  22 (  &#x938;&#x91C;&#x93F;&#x932;&#x94D;&#x926;) </subfield>
  </datafield>
  <datafield tag="942" ind1=" " ind2=" ">
    <subfield code="c">HN</subfield>
    <subfield code="h">824</subfield>
    <subfield code="2">ddc</subfield>
    <subfield code="m"> &#x928;&#x93F;&#x936;&#x93E;&#x928;</subfield>
  </datafield>
  <datafield tag="999" ind1=" " ind2=" ">
    <subfield code="c">198966</subfield>
    <subfield code="d">198966</subfield>
  </datafield>
  <datafield tag="952" ind1=" " ind2=" ">
    <subfield code="0">0</subfield>
    <subfield code="1">0</subfield>
    <subfield code="4">0</subfield>
    <subfield code="7">0</subfield>
    <subfield code="8">NFIC</subfield>
    <subfield code="a">BN</subfield>
    <subfield code="b">BN</subfield>
    <subfield code="d">2023-11-06</subfield>
    <subfield code="e">DBAD/PUB</subfield>
    <subfield code="g">495.00</subfield>
    <subfield code="l">0</subfield>
    <subfield code="o">824  &#x928;&#x93F;&#x936;&#x93E;&#x928;</subfield>
    <subfield code="p">HN-98603</subfield>
    <subfield code="r">2023-11-06 00:00:00</subfield>
    <subfield code="t">1</subfield>
    <subfield code="v">495.00</subfield>
    <subfield code="w">2023-11-06</subfield>
    <subfield code="y">HN</subfield>
  </datafield>
</record>
